Kim Kardashian Quiz - Statistics

General Stats
  • This quiz has been taken 627 times
  • The average score is 5 of 10
Answer Stats
Question Answer % Correct
Rapper who is her third and current husband Kanye West
98%
Television series about the personal lives of the Kardashian family Keeping Up with the Kardashians
83%
Former Olympic athlete became Kim Kardashian's stepfather in 1991 Bruce Jenner
82%
Adult magazine that she posed nude for in December 2007 Playboy
69%
Basketball player who was her second husband from 2011-2013 Kris Humphries
58%
Former NFL football player is Kim Kardashian's godfather O.J Simpson
45%
She claims she has a skill at smelling this type on tooth problem Cavity
35%
Songwriter who was her first husband from 2000-2004 Damon Thomas
31%
2008 movie parody she starred alongside Carmen Electra Disaster Movie
13%
She guest-starred on an episode of this sitcom in January 2009 How I Met Your Mother
11%
No matching quizzes found
Score Distribution
Percent of People with Each Score
Percentile by Number Answered
Your Score History
You have not taken this quiz